[Event "10th Novi Sad it"]
[Site "Novi Sad"]
[Date "1983.10.22"]
[EventDate "1983.10.22"]
[Round "1.1"]
[White "Sunye Neto, Jaime"]
[Black "Bjelajac, Milan"]
[Result "1-0"]
[WhiteElo "2490"]
[BlackElo "2405"]
[PlyCount "49"]
[Source "Perpetual Check"]

1. c4 f5 2. g3 Nf6 3. Bg2 g6 4. Nc3 Bg7 5. d3 O-O 6. e4 fxe4 7. dxe4 Nc6 8.
Nge2 d6 9. O-O e5 10. Nd5 Ne7 11. Bg5 Nfxd5 12. cxd5 Bf6 13. Bxf6 Rxf6 14. Qb3
Kg7 15. f4 exf4 16. Qc3 Ng8 17. gxf4 c6 18. e5 dxe5 19. fxe5 Rxf1+ 20. Rxf1
cxd5 21. e6+ Nf6 22. Qe5 Qe7 23. Nf4 Kh6 24. Nxd5 Nxd5 25. Bxd5 1-0

[Event "10th Novi Sad it"]
[Site "Novi Sad"]
[Date "1983.10.22"]
[EventDate "1983.10.22"]
[Round "1.2"]
[White "Lazic, Miroljub"]
[Black "Tringov, Georgi"]
[Result "0-1"]
[WhiteElo "2305"]
[BlackElo "2455"]
[PlyCount "124"]
[Source "Perpetual Check"]

1. e4 c5 2. c3 d5 3. exd5 Qxd5 4. d4 e6 5. Nf3 Nf6 6. Be2 Nc6 7. O-O Be7 8. Bg5
O-O 9. dxc5 Qxc5 10. Nbd2 Rd8 11. Bxf6 Bxf6 12. Ne4 Rxd1 13. Nxc5 Rxa1 14. Rxa1
Be7 15. Nb3 Bd7 16. Rd1 Rd8 17. Nbd4 Nxd4 18. Nxd4 Kf8 19. Bf3 Bc8 20. Kf1 a6
21. Ke2 e5 22. Nc2 Rxd1 23. Kxd1 f5 24. Bd5 g5 25. c4 a5 26. Ke2 Kg7 27. f3 h5
28. h3 Kf6 29. b3 b6 30. Ne3 Bc5 31. Bc6 h4 32. Kd3 Ke7 33. Nd5+ Kd6 34. Ba8
Be6 35. Bb7 Bf7 36. Nc3 Bg6 37. Nb5+ Kd7 38. Bd5 Ke7 39. Ke2 Kf6 40. Nc3 Bb4
41. Na4 Bc5 42. Nc3 Bh5 43. Kd3 Bg6 44. Ke2 Bd4 45. Nb5 Bb2 46. Ke3 Bc1+ 47.
Ke2 e4 48. a3 Ke5 49. b4 axb4 50. axb4 Bh5 51. Bb7 Bf7 52. c5 bxc5 53. bxc5
Bc4+ 54. Kd1 Bxb5 55. Kxc1 Bf1 56. c6 Kd6 57. fxe4 Bxg2 58. exf5 g4 59. f6 gxh3
60. f7 Ke7 61. Ba8 h2 62. c7 h1=Q+ 0-1

[Event "10th Novi Sad it"]
[Site "Novi Sad"]
[Date "1983.10.22"]
[EventDate "1983.10.22"]
[Round "1.3"]
[White "Petrovic, Vojislav"]
[Black "Jevtic, Miodrag"]
[Result "1-0"]
[WhiteElo "2385"]
[BlackElo "2270"]
[PlyCount "55"]
[Source "Perpetual Check"]

1. e4 c5 2. Nf3 d6 3. d4 cxd4 4. Nxd4 Nf6 5. Nc3 g6 6. Be3 Bg7 7. f3 O-O 8. Qd2
Nc6 9. O-O-O Nxd4 10. Bxd4 Be6 11. Kb1 Kh8 12. h4 Qa5 13. h5 Rfc8 14. hxg6 fxg6
15. a3 Rab8 16. Bd3 Bf7 17. Bxf6 Bxf6 18. Qh6 Kg8 19. Nd5 Bg7 20. Qxh7+ Kf8 21.
Qh4 Bxd5 22. exd5 Qxd5 23. Bxg6 Qe5 24. c3 b5 25. Rd5 Bf6 26. Qh6+ Bg7 27. Qd2
Qe6 28. Qf4+ 1-0

[Event "10th Novi Sad it"]
[Site "Novi Sad"]
[Date "1983.10.22"]
[EventDate "1983.10.22"]
[Round "1.4"]
[White "Bojkovic, Slobodan"]
[Black "Petrosian, Arshak"]
[Result "1/2-1/2"]
[WhiteElo "2360"]
[BlackElo "2460"]
[PlyCount "86"]
[Source "Perpetual Check"]

1. e4 c5 2. Nf3 d6 3. c3 Nf6 4. Bc4 e6 5. Qe2 Be7 6. Bb3 O-O 7. O-O b6 8. Re1
Ba6 9. d3 Nc6 10. Nbd2 Rc8 11. Bc2 d5 12. e5 Nd7 13. Nf1 Re8 14. h3 f6 15. exf6
Bxf6 16. N3h2 Nde5 17. Qd1 Ng6 18. Ng3 e5 19. Nh5 Rf8 20. Qg4 Rc7 21. Nf3 Bc8
22. Nxf6+ gxf6 23. Qh5 Nce7 24. Nh2 Qd6 25. Bh6 Rf7 26. Re2 Nf5 27. d4 e4 28.
dxc5 Rxc5 29. Rd1 Nxh6 30. Qxh6 f5 31. Nf1 Ba6 32. Red2 Bxf1 33. Rxf1 Qf4 34.
Qxf4 Nxf4 35. Kh2 Rg7 36. g3 Ne6 37. Bb3 Ng5 38. Rxd5 Nf3+ 39. Kg2 Rxd5 40.
Bxd5+ Kf8 41. Rd1 Ke7 42. Bb3 h5 43. Rd5 h4 1/2-1/2

[Event "10th Novi Sad it"]
[Site "Novi Sad"]
[Date "1983.10.22"]
[EventDate "1983.10.22"]
[Round "1.5"]
[White "Notaros, Krasoje"]
[Black "Cabrilo, Goran"]
[Result "0-1"]
[WhiteElo "2355"]
[BlackElo "2450"]
[PlyCount "84"]
[Source "Perpetual Check"]

1. Nf3 Nf6 2. g3 g6 3. Bg2 Bg7 4. c4 O-O 5. O-O d6 6. d4 Nbd7 7. Nc3 e5 8. e4
c6 9. h3 Qb6 10. dxe5 Nxe5 11. Nxe5 dxe5 12. Qc2 Be6 13. Be3 Qa5 14. b3 Nd7 15.
Rad1 Rfd8 16. Nd5 Re8 17. Bd2 Qd8 18. Ne3 Qc7 19. Nf5 Bf8 20. Kh1 f6 21. Ne3
Rad8 22. f4 exf4 23. gxf4 Bf7 24. Bc3 Bg7 25. Qf2 h5 26. Qg3 Nc5 27. e5 f5 28.
Rd6 h4 29. Qg5 Ne6 30. Qxh4 Rxd6 31. exd6 Qxd6 32. Bxg7 Nxg7 33. Rd1 Qe7 34.
Qxe7 Rxe7 35. Nc2 Nh5 36. Rd4 c5 37. Rd8+ Kg7 38. Rb8 b6 39. Na3 Nxf4 40. Bf1
Re1 41. Kg1 Nxh3+ 42. Kg2 Nf4+ 0-1

[Event "10th Novi Sad it"]
[Site "Novi Sad"]
[Date "1983.10.22"]
[EventDate "1983.10.22"]
[Round "1.6"]
[White "Deze, Anton"]
[Black "Rakic, Tomislav"]
[Result "0-1"]
[WhiteElo "2405"]
[BlackElo "2430"]
[PlyCount "88"]
[Source "Perpetual Check"]

1. d4 Nf6 2. c4 e6 3. Nc3 Bb4 4. a3 Bxc3+ 5. bxc3 c5 6. e3 O-O 7. Bd3 Nc6 8.
Ne2 e5 9. O-O d6 10. e4 Nh5 11. f4 cxd4 12. f5 Re8 13. Rf3 Qc7 14. Rh3 Nf6 15.
Ng3 g6 16. Qd2 Qe7 17. Qh6 Qf8 18. Qh4 Qg7 19. Bh6 Qh8 20. Rf1 dxc3 21. fxg6
hxg6 22. Rxf6 Bxh3 23. gxh3 Nd4 24. c5 c2 25. Bxc2 Nxc2 26. Qg5 Qh7 27. Rf2 Nd4
28. cxd6 Ne6 29. Qd2 Rad8 30. h4 Rd7 31. Nf5 gxf5 32. exf5 Nf4 33. Rg2+ Kh8 34.
Bxf4 f6 35. Be3 Rg8 36. Qd3 Rxg2+ 37. Kxg2 Qg8+ 38. Kf1 Qf8 39. Bc5 b6 40. Bb4
a5 41. Qb5 Qf7 42. Bd2 Rxd6 43. Be3 Qh5 44. Bxb6 Qf3+ 0-1

[Event "10th Novi Sad it"]
[Site "Novi Sad"]
[Date "1983.10.22"]
[EventDate "1983.10.22"]
[Round "1.7"]
[White "Makarichev, Sergei"]
[Black "Plachetka, Jan"]
[Result "1/2-1/2"]
[WhiteElo "2510"]
[BlackElo "2465"]
[PlyCount "26"]
[Source "Perpetual Check"]

1. e4 e5 2. Nf3 d6 3. d4 exd4 4. Nxd4 g6 5. Nc3 Bg7 6. g3 Nc6 7. Be3 Nf6 8. h3
Nxd4 9. Bxd4 Be6 10. Bg2 Bc4 11. Nd5 O-O 12. Nxf6+ Bxf6 13. b3 Ba6 1/2-1/2

[Event "10th Novi Sad it"]
[Site "Novi Sad"]
[Date "1983.10.23"]
[EventDate "1983.10.22"]
[Round "2.1"]
[White "Bjelajac, Milan"]
[Black "Plachetka, Jan"]
[Result "0-1"]
[WhiteElo "2405"]
[BlackElo "2465"]
[PlyCount "110"]
[Source "Perpetual Check"]

1. e4 e5 2. Nf3 d6 3. d4 exd4 4. Nxd4 g6 5. Be2 Bg7 6. O-O Nf6 7. Nc3 O-O 8. f4
Re8 9. Bf3 Nbd7 10. Nb3 Rb8 11. Be3 b6 12. Bf2 Bb7 13. Bh4 Rc8 14. Re1 a6 15.
a3 Ba8 16. Rb1 b5 17. Bg3 Nb6 18. Na5 Nfd7 19. Bf2 Nf6 20. Bd4 c5 21. Bf2 Qc7
22. Nb3 b4 23. axb4 cxb4 24. Nd5 Nfxd5 25. exd5 Rxe1+ 26. Qxe1 Bxd5 27. Bxd5
Nxd5 28. Qd2 Qc4 29. g3 Re8 30. Rd1 Nf6 31. Qd3 Qxd3 32. Rxd3 Ne4 33. Bd4 Rc8
34. Bxg7 Kxg7 35. Nd4 a5 36. b3 Kf6 37. Kg2 Nc5 38. Rd1 Ne6 39. Nxe6 Rxc2+ 40.
Kh3 Kxe6 41. Re1+ Kd7 42. Ra1 Rb2 43. Rxa5 Rxb3 44. f5 gxf5 45. Rxf5 Ke6 46.
Rh5 Rc3 47. Rxh7 Rc8 48. Rh6+ f6 49. Rh4 Rb8 50. Re4+ Kd5 51. Re1 b3 52. Kg4 b2
53. Rb1 Kc4 54. Kf5 Kc3 55. Kxf6 d5 0-1

[Event "10th Novi Sad it"]
[Site "Novi Sad"]
[Date "1983.10.23"]
[EventDate "1983.10.22"]
[Round "2.2"]
[White "Rakic, Tomislav"]
[Black "Makarichev, Sergei"]
[Result "1/2-1/2"]
[WhiteElo "2430"]
[BlackElo "2510"]
[PlyCount "49"]
[Source "Perpetual Check"]

1. d4 Nf6 2. Nf3 e6 3. Bf4 d5 4. Nbd2 Bd6 5. Bg3 c5 6. e3 Nc6 7. c3 O-O 8. Bd3
b6 9. Ne5 Bb7 10. f4 Ne7 11. Qf3 Nf5 12. Bf2 Be7 13. Ng4 Nxg4 14. Qxg4 Nd6 15.
Rd1 f5 16. Qh3 Rf6 17. g4 cxd4 18. cxd4 Rh6 19. Qg2 fxg4 20. Qxg4 Ne4 21. Nf3
Rg6 22. Qh3 Rh6 23. Qg4 Rg6 24. Qh3 Rh6 25. Qg4 1/2-1/2

[Event "10th Novi Sad it"]
[Site "Novi Sad"]
[Date "1983.10.23"]
[EventDate "1983.10.22"]
[Round "2.3"]
[White "Cabrilo, Goran"]
[Black "Deze, Anton"]
[Result "1/2-1/2"]
[WhiteElo "2450"]
[BlackElo "2405"]
[PlyCount "79"]
[Source "Perpetual Check"]

1. e4 c5 2. Nf3 Nc6 3. d4 cxd4 4. Nxd4 Nf6 5. Nc3 d6 6. f4 Qb6 7. Nb3 e6 8. Qf3
Be7 9. Be3 Qc7 10. g4 a6 11. Bg2 d5 12. e5 Nd7 13. O-O O-O 14. g5 Nb6 15. Rad1
Nc4 16. Bc1 a5 17. a4 Nb4 18. Nd4 Qb6 19. Kh1 Bc5 20. Ncb5 Bd7 21. b3 Bxb5 22.
Nxb5 Ne3 23. Bxe3 Bxe3 24. c3 Nc6 25. Rd3 Bc5 26. Qh5 Ne7 27. Rh3 h6 28. gxh6
g6 29. h7+ Kh8 30. Qg5 Nf5 31. Qf6+ Ng7 32. f5 exf5 33. Qxb6 Bxb6 34. Bxd5 Rae8
35. Nd6 Re7 36. Nc4 Bd8 37. b4 b6 38. bxa5 bxa5 39. Rb1 Bc7 40. Rb5 1/2-1/2

[Event "10th Novi Sad it"]
[Site "Novi Sad"]
[Date "1983.10.23"]
[EventDate "1983.10.22"]
[Round "2.4"]
[White "Petrosian, Arshak"]
[Black "Notaros, Krasoje"]
[Result "1-0"]
[WhiteElo "2460"]
[BlackElo "2355"]
[PlyCount "53"]
[Source "Perpetual Check"]

1. d4 g6 2. c4 Bg7 3. Nf3 d6 4. Nc3 Nd7 5. g3 Ngf6 6. Bg2 O-O 7. O-O e5 8. h3
c6 9. e4 Qb6 10. d5 c5 11. Ne1 Ne8 12. Nd3 f5 13. f4 Qd8 14. Be3 b6 15. Qd2 Ba6
16. b3 fxe4 17. Bxe4 Nef6 18. fxe5 Nxe4 19. Nxe4 Nxe5 20. Nxe5 Bxe5 21. Rxf8+
Qxf8 22. Rf1 Qg7 23. Bh6 Qd7 24. Nf6+ Bxf6 25. Rxf6 Qe7 26. Re6 Qf7 27. Qe2 1-0

[Event "10th Novi Sad it"]
[Site "Novi Sad"]
[Date "1983.10.23"]
[EventDate "1983.10.22"]
[Round "2.5"]
[White "Jevtic, Miodrag"]
[Black "Bojkovic, Slobodan"]
[Result "1/2-1/2"]
[WhiteElo "2270"]
[BlackElo "2360"]
[PlyCount "72"]
[Source "Perpetual Check"]

1. e4 c5 2. Nf3 e6 3. d4 cxd4 4. Nxd4 a6 5. Nc3 Qc7 6. g3 d6 7. Bg2 Bd7 8. O-O
Be7 9. a4 Nc6 10. Nxc6 Bxc6 11. a5 b5 12. axb6 Qxb6 13. Ra3 Nf6 14. Be3 Qb7 15.
Rb3 Qc8 16. Rb6 e5 17. Qe2 a5 18. Rd1 O-O 19. f4 Qc7 20. fxe5 dxe5 21. Nd5 Bxd5
22. exd5 Bc5 23. Rc6 Bxe3+ 24. Qxe3 Qb8 25. Rxf6 gxf6 26. Qh6 Qb6+ 27. Kh1 Rab8
28. d6 Qf2 29. Be4 f5 30. Qg5+ Kh8 31. Qf6+ Kg8 32. d7 Qe2 33. Qg5+ Kh8 34.
Qf6+ Kg8 35. Qg5+ Kh8 36. Qf6+ Kg8 1/2-1/2

[Event "10th Novi Sad it"]
[Site "Novi Sad"]
[Date "1983.10.23"]
[EventDate "1983.10.22"]
[Round "2.6"]
[White "Tringov, Georgi"]
[Black "Petrovic, Vojislav"]
[Result "1-0"]
[WhiteElo "2455"]
[BlackElo "2385"]
[PlyCount "71"]
[Source "Perpetual Check"]

1. e4 c5 2. Nf3 e6 3. d3 Nc6 4. g3 g6 5. Bg2 Bg7 6. O-O Nge7 7. c3 d5 8. Nbd2
O-O 9. Re1 b6 10. e5 Ba6 11. Nf1 h6 12. h4 d4 13. c4 b5 14. b3 bxc4 15. dxc4
Bb7 16. Bf4 a5 17. N1d2 Qc7 18. Ne4 Nb4 19. Nf6+ Kh8 20. a3 Nbc6 21. Qd2 Rfb8
22. Bxh6 a4 23. Bxg7+ Kxg7 24. Ng4 Ng8 25. bxa4 Rxa4 26. h5 Nd8 27. Qg5 Bxf3
28. Bxf3 Nc6 29. h6+ Kh8 30. h7 Kxh7 31. Kg2 Kg7 32. Rh1 Rxc4 33. Nf6 Nce7 34.
Rh7+ Kf8 35. Rh8 Kg7 36. Rah1 1-0

[Event "10th Novi Sad it"]
[Site "Novi Sad"]
[Date "1983.10.23"]
[EventDate "1983.10.22"]
[Round "2.7"]
[White "Sunye Neto, Jaime"]
[Black "Lazic, Miroljub"]
[Result "0-1"]
[WhiteElo "2490"]
[BlackElo "2305"]
[PlyCount "70"]
[Source "Perpetual Check"]

1. c4 c5 2. Nc3 Nf6 3. Nf3 d5 4. cxd5 Nxd5 5. e3 Nc6 6. d4 cxd4 7. exd4 e6 8.
Bd3 Be7 9. O-O O-O 10. Re1 Bf6 11. Be4 Nb6 12. Be3 Nd5 13. Bxd5 exd5 14. Qb3
Bg4 15. Qxb7 Rc8 16. Red1 Bxf3 17. gxf3 Bg5 18. f4 Bh6 19. Qb5 Qf6 20. Qxd5
Rcd8 21. Qg2 Nxd4 22. Qe4 Ne6 23. Rxd8 Rxd8 24. Rd1 Rxd1+ 25. Nxd1 g6 26. Nc3
Bxf4 27. Bxa7 Ng5 28. Qd5 Be5 29. Bc5 h5 30. Be3 Nf3+ 31. Kg2 Nxh2 32. f3 h4
33. Qe4 h3+ 34. Kxh3 Nxf3 35. Qg4 Ne1 0-1

[Event "10th Novi Sad it"]
[Site "Novi Sad"]
[Date "1983.10.24"]
[EventDate "1983.10.22"]
[Round "3.1"]
[White "Lazic, Miroljub"]
[Black "Bjelajac, Milan"]
[Result "1-0"]
[WhiteElo "2305"]
[BlackElo "2405"]
[PlyCount "81"]
[Source "Perpetual Check"]

1. e4 Nc6 2. d4 d5 3. Nc3 e6 4. Nf3 Nf6 5. Bg5 Bb4 6. e5 h6 7. Bd2 Ne4 8. Bd3
Bxc3 9. bxc3 Na5 10. O-O b6 11. Ne1 Nc4 12. Bc1 Bb7 13. Bxc4 dxc4 14. Bd2 Qd5
15. f3 Nxd2 16. Qxd2 O-O-O 17. Qe3 Qb5 18. g3 Qb2 19. Ng2 Qxc2 20. Rf2 Qa4 21.
Rb1 a5 22. Qe2 Kb8 23. Ne3 Ba6 24. Nf1 Ka7 25. Rb2 Qa3 26. Qe3 Rd7 27. Rb1 Rhd8
28. Rfb2 Rxd4 29. cxd4 Qxe3+ 30. Nxe3 Rxd4 31. Rd1 Rd3 32. Kf2 b5 33. Rxd3 cxd3
34. a3 c5 35. Nd1 Kb6 36. Ke3 b4 37. axb4 axb4 38. Nf2 Bc4 39. Nxd3 Kb5 40. Kd2
b3 41. Kc3 1-0

[Event "10th Novi Sad it"]
[Site "Novi Sad"]
[Date "1983.10.24"]
[EventDate "1983.10.22"]
[Round "3.2"]
[White "Petrovic, Vojislav"]
[Black "Sunye Neto, Jaime"]
[Result "1-0"]
[WhiteElo "2385"]
[BlackElo "2490"]
[PlyCount "89"]
[Source "Perpetual Check"]

1. e4 c5 2. Nf3 e6 3. d4 cxd4 4. Nxd4 Nf6 5. Nc3 Bb4 6. e5 Nd5 7. Bd2 Nxc3 8.
bxc3 Ba5 9. Qh5 a6 10. Bd3 Qc7 11. O-O g6 12. Qh6 Qxe5 13. Bf4 Qf6 14. Nf5 d5
15. Nd6+ Kd7 16. Bg5 Qxc3 17. Nxf7 Nc6 18. Nxh8 Qxh8 19. c4 dxc4 20. Bxc4 Kc7
21. Bd2 Bd7 22. Rfd1 Rd8 23. Rac1 Bxd2 24. Qxd2 Qf8 25. Bxa6 Bc8 26. Qa5+ Kb8
27. Rxd8 Qxd8 28. Qxd8 Nxd8 29. Bb5 Nf7 30. f4 Nd6 31. a4 Ne4 32. Re1 Nd6 33.
Rc1 Nxb5 34. axb5 b6 35. Kf2 Bd7 36. Ke3 Kb7 37. Rb1 Kc7 38. Kd4 Kd6 39. Kc4
Bc8 40. Ra1 Bb7 41. g3 h5 42. Ra7 Be4 43. Kd4 Bf3 44. Rg7 Be2 45. Rb7 1-0

[Event "10th Novi Sad it"]
[Site "Novi Sad"]
[Date "1983.10.24"]
[EventDate "1983.10.22"]
[Round "3.3"]
[White "Bojkovic, Slobodan"]
[Black "Tringov, Georgi"]
[Result "1-0"]
[WhiteElo "2360"]
[BlackElo "2455"]
[PlyCount "83"]
[Source "Perpetual Check"]

1. e4 c5 2. Nf3 d6 3. d4 cxd4 4. Nxd4 Nf6 5. Nc3 a6 6. Bg5 e6 7. Qe2 Nc6 8.
O-O-O Qc7 9. f3 Be7 10. h4 h6 11. Be3 b5 12. Qe1 Ne5 13. a3 Bd7 14. g4 Rc8 15.
Rh3 Nc4 16. g5 Nh5 17. Bxc4 Qxc4 18. Nb3 Qc7 19. Qd2 hxg5 20. hxg5 g6 21. f4
Qb8 22. Bd4 Rg8 23. Rh4 b4 24. axb4 Qxb4 25. f5 Qb7 26. f6 Bd8 27. Bg1 Rc6 28.
Nd4 Rb6 29. b3 Qc8 30. Nf5 exf5 31. Bxb6 Bxb6 32. Qxd6 Bc5 33. Qe5+ Kf8 34.
Rxd7 Ba3+ 35. Kb1 Qxd7 36. exf5 Rh8 37. Rd4 Qc8 38. Qa5 Be7 39. fxe7+ Kxe7 40.
f6+ Ke8 41. Ne4 Kf8 42. Rd8+ 1-0

[Event "10th Novi Sad it"]
[Site "Novi Sad"]
[Date "1983.10.24"]
[EventDate "1983.10.22"]
[Round "3.4"]
[White "Notaros, Krasoje"]
[Black "Jevtic, Miodrag"]
[Result "1/2-1/2"]
[WhiteElo "2355"]
[BlackElo "2270"]
[PlyCount "23"]
[Source "Perpetual Check"]

1. e4 e5 2. Nf3 Nc6 3. Bb5 a6 4. Ba4 Nf6 5. O-O b5 6. Bb3 Be7 7. Re1 d6 8. c3
O-O 9. h3 Bb7 10. d4 Re8 11. Nbd2 Bf8 12. Nf1 1/2-1/2

[Event "10th Novi Sad it"]
[Site "Novi Sad"]
[Date "1983.10.24"]
[EventDate "1983.10.22"]
[Round "3.5"]
[White "Deze, Anton"]
[Black "Petrosian, Arshak"]
[Result "1/2-1/2"]
[WhiteElo "2405"]
[BlackElo "2460"]
[PlyCount "70"]
[Source "Perpetual Check"]

1. c4 e6 2. Nc3 d5 3. d4 Nf6 4. cxd5 exd5 5. Bg5 Be7 6. e3 Nbd7 7. Qc2 O-O 8.
Bd3 Re8 9. Nf3 Nf8 10. O-O c6 11. a3 a5 12. Rab1 Bd6 13. Rfe1 Bg4 14. Ne5 Bxe5
15. dxe5 Rxe5 16. f4 Rxg5 17. fxg5 N6d7 18. Qf2 Ne5 19. Bf5 Qxg5 20. Bxg4 Qxg4
21. e4 d4 22. Qxd4 Nfd7 23. Re3 Qe6 24. Rd1 f6 25. Ne2 a4 26. Nf4 Qe7 27. Rg3
b5 28. Qd6 Qxd6 29. Rxd6 Kf7 30. Rc3 Re8 31. h3 Nb6 32. Nd3 Nbc4 33. Nxe5+ Nxe5
34. Kf2 Rc8 35. Rd4 Ke7 1/2-1/2

[Event "10th Novi Sad it"]
[Site "Novi Sad"]
[Date "1983.10.24"]
[EventDate "1983.10.22"]
[Round "3.6"]
[White "Makarichev, Sergei"]
[Black "Cabrilo, Goran"]
[Result "1-0"]
[WhiteElo "2510"]
[BlackElo "2450"]
[PlyCount "83"]
[Source "Perpetual Check"]

1. e4 c5 2. Nf3 e6 3. c3 Nf6 4. e5 Nd5 5. d4 cxd4 6. cxd4 b6 7. Nc3 Nxc3 8.
bxc3 Qc7 9. Bd2 Bb7 10. Bd3 d6 11. O-O Nd7 12. Bf4 Be7 13. Re1 O-O 14. Rc1 Rfd8
15. Ng5 g6 16. Qg4 dxe5 17. Nxe6 Nf6 18. Nxc7 Nxg4 19. Nxa8 Ba3 20. Rc2 exf4
21. Nc7 Nf6 22. Nb5 Ba6 23. Rd1 Bxb5 24. Bxb5 Nd5 25. Bc6 Nc7 26. Kf1 Kg7 27.
g3 fxg3 28. fxg3 h5 29. Re1 Bd6 30. a4 h4 31. Kg2 Rh8 32. Bf3 Ne6 33. Bd5 Ng5
34. c4 hxg3 35. hxg3 Rd8 36. c5 Bb8 37. Bc4 Rxd4 38. c6 Rg4 39. Re3 Bc7 40. Bd5
Kf8 41. Rc4 Rxc4 42. Bxc4 1-0

[Event "10th Novi Sad it"]
[Site "Novi Sad"]
[Date "1983.10.24"]
[EventDate "1983.10.22"]
[Round "3.7"]
[White "Plachetka, Jan"]
[Black "Rakic, Tomislav"]
[Result "0-1"]
[WhiteElo "2465"]
[BlackElo "2430"]
[PlyCount "52"]
[Source "Perpetual Check"]

1. e4 c5 2. Nf3 Nc6 3. d4 cxd4 4. Nxd4 Nf6 5. Nc3 d6 6. Bc4 Bd7 7. Bg5 Qa5 8.
Bxf6 gxf6 9. O-O Qc5 10. Nxc6 Qxc4 11. Nd4 e6 12. Nce2 h5 13. a4 h4 14. Kh1 f5
15. exf5 h3 16. fxe6 hxg2+ 17. Kxg2 fxe6 18. Ng3 Bg7 19. Nb5 Bc6+ 20. f3 Qh4
21. Rh1 Qh3+ 22. Kf2 O-O 23. Ra3 Rf4 24. Qf1 Qg4 25. Ke2 Rxf3 26. Rxf3 Rf8 0-1

[Event "10th Novi Sad it"]
[Site "Novi Sad"]
[Date "1983.10.25"]
[EventDate "1983.10.22"]
[Round "4.1"]
[White "Bjelajac, Milan"]
[Black "Rakic, Tomislav"]
[Result "1-0"]
[WhiteElo "2405"]
[BlackElo "2430"]
[PlyCount "80"]
[Source "Perpetual Check"]

1. e4 d6 2. d4 Nf6 3. Nc3 g6 4. g3 Bg7 5. Bg2 O-O 6. Nge2 e5 7. O-O c6 8. a4 a5
9. h3 Na6 10. Be3 Qc7 11. Qd2 Nb4 12. f4 exd4 13. Nxd4 d5 14. exd5 Nfxd5 15.
Nxd5 Nxd5 16. Bxd5 cxd5 17. Kg2 Re8 18. c3 Bd7 19. f5 Ra6 20. g4 Re4 21. Rf4
Qe5 22. Rf3 Qe8 23. fxg6 Rxg6 24. Kh1 Rf6 25. Nf5 Bxf5 26. gxf5 Rxf5 27. Rxf5
Rxe3 28. Qg2 Re2 29. Rf2 Rxf2 30. Qxf2 d4 31. cxd4 Qe4+ 32. Qg2 Qxd4 33. Qxb7
h6 34. Rf1 Qxa4 35. Qxf7+ Kh8 36. b3 Qe4+ 37. Qf3 Qe6 38. Rd1 Qb6 39. Rd7 Qe6
40. Rd8+ Kh7 1-0

[Event "10th Novi Sad it"]
[Site "Novi Sad"]
[Date "1983.10.25"]
[EventDate "1983.10.22"]
[Round "4.2"]
[White "Cabrilo, Goran"]
[Black "Plachetka, Jan"]
[Result "0-1"]
[WhiteElo "2450"]
[BlackElo "2465"]
[PlyCount "48"]
[Source "Perpetual Check"]

1. e4 c6 2. d3 d5 3. Nd2 g6 4. Ngf3 Bg7 5. Be2 e5 6. O-O Ne7 7. b4 O-O 8. Bb2
Nd7 9. Re1 Qc7 10. Bf1 h6 11. exd5 Nxd5 12. a3 b6 13. Nc4 Re8 14. d4 e4 15.
Nfe5 b5 16. Nd2 Nxe5 17. dxe5 e3 18. fxe3 Bxe5 19. Bxe5 Rxe5 20. e4 Qb6+ 21.
Kh1 Ne3 22. Qc1 Ng4 23. h3 Nf2+ 24. Kh2 Nxh3 0-1

[Event "10th Novi Sad it"]
[Site "Novi Sad"]
[Date "1983.10.25"]
[EventDate "1983.10.22"]
[Round "4.3"]
[White "Petrosian, Arshak"]
[Black "Makarichev, Sergei"]
[Result "1-0"]
[WhiteElo "2460"]
[BlackElo "2510"]
[PlyCount "103"]
[Source "Perpetual Check"]

1. d4 Nf6 2. c4 e6 3. Nf3 Bb4+ 4. Nbd2 O-O 5. a3 Bxd2+ 6. Bxd2 d6 7. Bg5 h6 8.
Bh4 Nbd7 9. e3 Qe7 10. Be2 b6 11. Nd2 Bb7 12. O-O c5 13. b4 e5 14. bxc5 dxc5
15. d5 g5 16. Bg3 Ne8 17. e4 Nd6 18. Qc2 Kg7 19. a4 a5 20. Rab1 Ra6 21. Rfe1
Rh8 22. Qc3 f6 23. Bh5 Rb8 24. Nf3 Bc8 25. Bg4 Nf7 26. Rbd1 Rb7 27. h4 Ra8 28.
Be6 Nf8 29. Bxf7 Qxf7 30. hxg5 hxg5 31. Nxg5 fxg5 32. Bxe5+ Kg8 33. Qg3 Qg6 34.
Bb2 Rh7 35. e5 Bf5 36. e6 Re8 37. f3 g4 38. Re5 gxf3 39. Qxf3 Bc2 40. Qg3 Bxd1
41. Rg5 Bc2 42. Qe5 Qxg5 43. Qxg5+ Ng6 44. Bf6 Bd3 45. Qg4 Rf8 46. e7 Rxf6 47.
e8=Q+ Rf8 48. Qge6+ Kg7 49. Q8d7+ Kh8 50. Qxh7+ Kxh7 51. Qh3+ Kg7 52. Qxd3 1-0

[Event "10th Novi Sad it"]
[Site "Novi Sad"]
[Date "1983.10.25"]
[EventDate "1983.10.22"]
[Round "4.4"]
[White "Jevtic, Miodrag"]
[Black "Deze, Anton"]
[Result "0-1"]
[WhiteElo "2270"]
[BlackElo "2405"]
[PlyCount "62"]
[Source "Perpetual Check"]

1. e4 c5 2. Nf3 Nc6 3. d4 cxd4 4. Nxd4 Nf6 5. Nc3 d6 6. g3 Qb6 7. Nb3 e6 8. Be3
Qc7 9. h3 Be7 10. f4 O-O 11. g4 d5 12. e5 Ne4 13. Nxe4 dxe4 14. c3 Bh4+ 15. Kd2
Rd8+ 16. Nd4 f6 17. Kc2 fxe5 18. fxe5 Nb4+ 19. Kb3 Nd5 20. Nb5 Qxe5 21. Bd4 Qb8
22. Qe2 h6 23. Na3 e5 24. Bg1 Be6 25. Kc2 Nf4 26. Qxe4 b5 27. Rh2 Bf7 28. Qb4
Qb7 29. b3 Rac8 30. Nb1 Bg6+ 31. Kb2 Rd1 0-1

[Event "10th Novi Sad it"]
[Site "Novi Sad"]
[Date "1983.10.25"]
[EventDate "1983.10.22"]
[Round "4.5"]
[White "Tringov, Georgi"]
[Black "Notaros, Krasoje"]
[Result "1-0"]
[WhiteElo "2455"]
[BlackElo "2355"]
[PlyCount "75"]
[Source "Perpetual Check"]

1. e4 g6 2. d4 Bg7 3. Nf3 c6 4. Nc3 d5 5. h3 Nf6 6. e5 Ne4 7. Bd3 Nxc3 8. bxc3
c5 9. dxc5 Nc6 10. O-O O-O 11. Bf4 Qa5 12. Qd2 Qxc5 13. Rfe1 d4 14. cxd4 Nxd4
15. Nxd4 Qxd4 16. Rab1 Rd8 17. Qc1 Qa4 18. Bg5 Bf8 19. Bh6 Qe8 20. h4 Bxh6 21.
Qxh6 Rd4 22. h5 Rh4 23. Be2 Rb8 24. Qg5 Re4 25. hxg6 hxg6 26. f3 Rd4 27. c3 Rd8
28. Rb4 Be6 29. Rh4 Qf8 30. Kf2 Qg7 31. Reh1 Rd5 32. f4 f6 33. Qg3 fxe5 34.
Rh8+ Qxh8 35. Qxg6+ Qg7 36. Qxe6+ Qf7 37. Rh8+ Kxh8 38. Qxf7 1-0

[Event "10th Novi Sad it"]
[Site "Novi Sad"]
[Date "1983.10.25"]
[EventDate "1983.10.22"]
[Round "4.6"]
[White "Sunye Neto, Jaime"]
[Black "Bojkovic, Slobodan"]
[Result "1/2-1/2"]
[WhiteElo "2490"]
[BlackElo "2360"]
[PlyCount "118"]
[Source "Perpetual Check"]

1. c4 e6 2. Nf3 Nf6 3. g3 d5 4. Bg2 dxc4 5. Na3 Nbd7 6. Nxc4 Be7 7. b3 O-O 8.
Bb2 c6 9. Qc2 Nb6 10. O-O a5 11. Rab1 Nfd7 12. a3 Bf6 13. d4 Nxc4 14. bxc4 Qe7
15. Nd2 g6 16. c5 e5 17. e3 Rd8 18. Ne4 Bg7 19. dxe5 Nxe5 20. Nd6 Ra6 21. a4 b5
22. Bxe5 Bxe5 23. axb5 cxb5 24. Nxc8 Rxc8 25. Rxb5 Ra7 26. c6 a4 27. Rfb1 a3
28. Qa2 Rac7 29. h4 h5 30. R1b4 Bd6 31. Rd4 Rxc6 32. Bxc6 Rxc6 33. Kg2 Ra6 34.
Rbd5 Qb7 35. e4 Qb2 36. Qxb2 axb2 37. Rb5 Be5 38. Rdb4 Ra1 39. Rxe5 b1=Q 40.
Rxb1 Rxb1 41. Kf3 Rb2 42. Ke3 Rb3+ 43. Kf4 Rb2 44. f3 Rg2 45. Rg5 Kf8 46. g4
hxg4 47. Rxg4 Rh2 48. Kg3 Rh1 49. Kg2 Ra1 50. h5 gxh5 51. Rg5 h4 52. Rh5 Ke7
53. Kh3 Rg1 54. Kxh4 f6 55. Ra5 Ke6 56. Kh3 Rg8 57. Rf5 Rg1 58. Rf4 Rg5 59. Kh4
Re5 1/2-1/2

[Event "10th Novi Sad it"]
[Site "Novi Sad"]
[Date "1983.10.25"]
[EventDate "1983.10.22"]
[Round "4.7"]
[White "Lazic, Miroljub"]
[Black "Petrovic, Vojislav"]
[Result "1-0"]
[WhiteElo "2305"]
[BlackElo "2385"]
[PlyCount "77"]
[Source "Perpetual Check"]

1. d4 g6 2. c4 Nf6 3. Nc3 Bg7 4. e4 d6 5. f3 O-O 6. Be3 b6 7. Nge2 c5 8. Qd2
Nc6 9. Rd1 e5 10. dxe5 dxe5 11. Qxd8 Rxd8 12. Rxd8+ Nxd8 13. Nd5 Ne6 14. Nec3
Nd4 15. Bxd4 exd4 16. Nxf6+ Bxf6 17. Nd5 Kg7 18. Nc7 Bb7 19. Nxa8 Bxa8 20. Kd2
Bg5+ 21. Kd3 Be3 22. g3 f5 23. Bg2 f4 24. Rb1 g5 25. g4 Kf6 26. b4 cxb4 27.
Rxb4 Bc6 28. Rb3 Ba4 29. Rb1 Ke5 30. Bf1 Kd6 31. Be2 Kc5 32. Bd1 Bc6 33. Bc2 b5
34. Bb3 a5 35. a3 Be8 36. Ba2 Bc6 37. Rb2 bxc4+ 38. Bxc4 Ba4 39. Rb1 1-0